000 00459nam a2200181Ia 4500
005 20250923144238.0
008 008 250917s9999 xx 000 0 eng d
037 _aTextual
040 _aDSWL
_beng
_cDSWL
041 _aeng
_2eng
084 _qDSWL
100 _aLapham, M.E
_9822799
245 0 _aMaternity case in a small community
_cby M.E Lapham
260 _c1938
300 _a60 p.
942 _cTEXL
999 _c1436546
_d1436546